ბათუმის შოთა რუსთაველის სახელმწიფო უნივერსიტეტის ბიბლიოთეკა

დავით გარეჯის ლიტერატურული სკოლა = Литературная школа Давида Гаредж : (ბიბ.ჩანაწერი № 54957)

000 -ლიდერი
ფიქსირებული სიგრძის საკონტროლო ველი 01266nam a2200253Ia 4500
001 - საკონტროლო ნომერი
საკონტროლო ველი 22028
003 - საკონტროლო ნომრის იდენტიფიკატორი
საკონტროლო ველი GE_BSU
005 - ბოლო ოპერაციის თარიღი და დრო
საკონტროლო ველი 20220927122836.0
008 - ფიქსირებული სიგრძის მონაცემთა ელემენტები - ზოგადი ინფორმაცია
ფიქსირებული სიგრძის საკონტროლო ველი 181216s ||||ge |||||||||||||| ||geo||
040 ## - კატალოგიზაციის წყარო
Transcribing agency GE_BSU
041 ## - ენის კოდი
Language code of text/sound track or separate title geo
080 ## - უნივერსალური ათობითი კლასიფიკაციის ინდექსი
Universal Decimal Classification number 821.353.1.09 ქ-15
100 ## - მთავარი ჩანაწერი - პიროვნების სახელი
Personal name ქავთარია, მ.
9 (RLIN) 1179
245 ## - ცნობა სათაურის შესახებ
Title დავით გარეჯის ლიტერატურული სკოლა = Литературная школа Давида Гаредж :
Remainder of title [მონოგრაფია] /
Statement of responsibility, etc მ. ქავთარია ; რედ. ე. მეტრეველი.
264 ## - წარმოების, გამოცემის, დისტრიბუციის და სხვა ცნობები
გამოცემის, წარმოების, დისტრიბუციის... ადგილი თბილისი :
გამოცემის, წარმოების, დისტრიბუციის... სახელწოდება მეცნიერება,
გამოცემის, წარმოების, დისტრიბუციის... თარიღი 1965.
300 ## - ფიზიკური აღწერა
Extent 191 გვ. ;
Dimensions 22 სმ.
653 ## - INDEX TERM--UNCONTROLLED
Uncontrolled term დავით გარეჯის ლიტერატურული სკოლა = Литературная школа Давида Гаредж .
653 ## - INDEX TERM--UNCONTROLLED
Uncontrolled term ქართული კულტურის კერები
653 ## - INDEX TERM--UNCONTROLLED
Uncontrolled term ქართული ლიტერატურა
653 ## - INDEX TERM--UNCONTROLLED
Uncontrolled term ქართული ლიტერატურის ისტორია
700 ## - ADDED ENTRY--PERSONAL NAME
Personal name მეტრეველი, ე.
Relator term რედაქტორი
9 (RLIN) 1788
942 ## - ADDED ENTRY ELEMENTS (KOHA)
Koha item type წიგნი
Source of classification or shelving scheme
ეგზემპლარები
ჩამოწერის სტატუსი დაკარგული ეგზემპლარის სტატუსი კლასიფიკაციის წყარო ან თაროზე გაწყობის სქემა დაზიანების სტატუსი არ გაიცემა მუდმივი მდებარეობა (დაცვის ადგილი) ამჟამინდელი ადგილსამყოფელი თაროზე განთავსების ადგილი შეძენის თარიღი ღირებულება, შესყიდვის ნორმალური ფასი სრული შენახვის შიფრი შტრიხკოდი ბოლო ოპერაციის თარიღი ეგზემპლარის მიმდევრობითი ნომერი (კეტერი?) ფასის ძალაში შესვლის თარიღი ეგზემპლარის სახეობა საჯარო შენიშვნა
          ბათუმის შოთა რუსთაველის სახელმწიფო უნივერსიტეტის მთავარი ბიბლიოთეკა ბათუმის შოთა რუსთაველის სახელმწიფო უნივერსიტეტის მთავარი ბიბლიოთეკა წიგნსაცავი 2018-12-17 6.00 821.353.1.09 ქ-15 56747 2018-12-17 56747 2018-12-17 წიგნი 6.00 ₾.